|
|
|
|
| LEADER |
00000nam a2200000 a 4500 |
| 001 |
vtls008186551 |
| 003 |
SK-MaSNL |
| 005 |
20260301074628.0 |
| 008 |
240318s1940 xo 000 0 slo |
| 040 |
|
|
|a SNK
|b slo
|c SNK
|e AACR2
|
| 041 |
0 |
|
|a slo
|
| 044 |
|
|
|a xo
|c SK
|
| 100 |
1 |
|
|a Marenčin, Vojtech,
|d 1899-1975
|4 aut
|9 207709
|
| 245 |
1 |
0 |
|a Ceny - kalkulácia - ziskové kľúče
|c Vojtech Marenčin
|
| 260 |
|
|
|a Prešov
|b Vojtech Marenčin
|c 1940
|e Prešov
|f "PALLAS"
|
| 300 |
|
|
|a 64 s.
|
| 852 |
|
|
|a Slovenská národná knižnica v Martine
|b 10000
|h SD 11586
|
| 999 |
|
|
|c 647749
|d 649679
|
| 952 |
|
|
|a SNK
|b SNK
|y PREZ
|7 0
|p 17A0478676
|o snkSD 11586
|i snk1521/56
|3 rekatalogizácia
|0 0
|1 0
|4 0
|d 2005-07-26
|l 0
|r 2025-11-25 00:00:00
|w 2026-02-23
|
| 952 |
|
|
|a SNK
|b SNK
|y VYP
|7 0
|p 17A1315925
|o snkSD 11586 D1
|i snkD 924/64
|8 1
|3 rekatalogizácia
|0 0
|1 0
|4 0
|d 2020-09-24
|l 0
|r 2026-02-23 18:12:46
|w 2026-02-23
|